000 01009nam a2200289Ia 4500
003 OSt
005 20220930092723.0
006 a|||||r|||| 00| 0
007 ta
008 220926b |||||||| |||| 00| 0 eng d
024 _a24204
037 _cTheses
040 _aCRL
_cCRL
_beng
041 _2eng
_aeng
100 _aThakur Preeti
_9538393
110 _aUniversity OF Delhi. Faculty OF Medical Sciences. Department OF Microbiology
245 0 _aRole of cytokines in the pathogenesis of dengue infection
260 _c2015
650 _aMICROBIOLOGY
700 _a Dr. Anita Chakravarti Gu.
_9536892
700 _a Dr. Beena Uppal Gu.
_9537676
700 _a Dr. Preena Bhalla Gu.
_9538485
700 _a Dr. Sunita Aggarwal Gu.
_9545536
700 _aUniversity OF Delhi. Faculty OF Medical Sciences. Department OF Microbiology
942 _cDIS
_2CC
999 _c884205
_d884205